[Event "Politiken Cup"]
[Site "Copenhagen"]
[Date "2006.07.24"]
[Round "3.97"]
[White "Christensen, Emilie Ellegaard"]
[Black "Rasmussen, Morten"]
[Result "1-0"]
[WhiteElo "1509"]
[BlackElo "1976"]
[PlyCount "99"]
[EventDate "2006.??.??"]

1. d4 Nf6 2. c4 g6 3. Nc3 d5 4. Nf3 Bg7 5. Bg5 Ne4 6. Bf4 Nxc3 7. bxc3 O-O 8.
e3 c5 9. Bd3 Nc6 10. O-O dxc4 11. Bxc4 Bg4 12. h3 Bxf3 13. Qxf3 e5 14. dxe5 Qe7
15. Rab1 Bxe5 16. Bd5 Rac8 17. Bxe5 Nxe5 18. Qe4 Rfe8 19. Rxb7 Qf6 20. Rxa7 Rf8
21. Rb1 Rce8 22. Qc2 Re7 23. Rxe7 Qxe7 24. a4 Qd7 25. c4 Nc6 26. Bxc6 Qxc6 27.
Qb3 Ra8 28. Qb5 Qd6 29. a5 Qd3 30. Ra1 Qc3 31. Ra4 Qe1+ 32. Kh2 Qxf2 33. Qxc5
Rd8 34. Rb4 Re8 35. Qd4 Qe1 36. c5 Rxe3 37. Rb8+ Re8 38. Rxe8+ Qxe8 39. Qd6 Qa8
40. c6 Qxa5 41. c7 Qc3 42. h4 Kg7 43. h5 Qc1 44. Qe5+ Kh6 45. Kg3 Qc2 46. Qf4+
Kg7 47. h6+ Kg8 48. Qd6 Qc3+ 49. Kh2 f5 50. Qe6+ 1-0

[Event "Politiken Cup"]
[Site "Copenhagen"]
[Date "2006.07.24"]
[Round "3.98"]
[White "Petersen, Nicolai Kvist Brond"]
[Black "Hartsteen, Mark"]
[Result "0-1"]
[WhiteElo "1562"]
[BlackElo "1973"]
[PlyCount "49"]
[EventDate "2006.??.??"]

1. d4 Nf6 2. Nf3 g6 3. Bf4 Bg7 4. e3 O-O 5. h3 c5 6. c3 cxd4 7. cxd4 d6 8. Nbd2
Nc6 9. Bb5 Bf5 10. Rc1 Nb4 11. Qa4 Nd3+ 12. Bxd3 Bxd3 13. Rc3 Ba6 14. Rc2 Nd5
15. Bg3 Nb6 16. Qb3 Rc8 17. Kd1 Rxc2 18. Qxc2 Qc8 19. b3 Qe6 20. Qe4 Qd7 21.
Ne1 Rc8 22. Qb1 Qb5 23. Nc2 Nd5 24. Kc1 Qd3 25. Kb2 0-1

[Event "Politiken Cup"]
[Site "Copenhagen"]
[Date "2006.07.24"]
[Round "3.99"]
[White "Marshall, Michael"]
[Black "Jørgensen, Morten"]
[Result "1-0"]
[WhiteElo "1961"]
[BlackElo "1473"]
[PlyCount "27"]
[EventDate "2006.??.??"]

1. d4 d5 2. Nf3 Nf6 3. e3 e6 4. Bd3 c5 5. b3 Nc6 6. O-O cxd4 7. exd4 Be7 8. Bb2
O-O 9. a3 Qc7 10. Nbd2 Re8 11. Ne5 Bd6 12. Re1 Nd7 13. Bxh7+ Kxh7 14. Qh5+ 1-0

[Event "Politiken Cup"]
[Site "Copenhagen"]
[Date "2006.07.24"]
[Round "3.100"]
[White "Akdag, Dara"]
[Black "Tudvad, Mads"]
[Result "1-0"]
[WhiteElo "1958"]
[BlackElo "1493"]
[PlyCount "79"]
[EventDate "2006.??.??"]

1. d4 e6 2. Nf3 Nf6 3. c4 d5 4. Nc3 Bb4 5. Bg5 dxc4 6. e3 Nbd7 7. Bxc4 c5 8.
O-O Qa5 9. Nb5 cxd4 10. Qxd4 O-O 11. Bf4 Bc5 12. Qd3 Ne8 13. e4 a6 14. Nc3 Be7
15. e5 Nc5 16. Qe2 b5 17. Bb3 Bb7 18. Bc2 Nc7 19. Ng5 g6 20. h4 Nd5 21. Nxd5
Bxd5 22. b3 h6 23. Nf3 Kg7 24. Qe3 Rh8 25. h5 Qd8 26. hxg6 fxg6 27. b4 Nd7 28.
Rfd1 Qe8 29. Qa3 Rc8 30. Bb3 Bxb3 31. Qxb3 Rc4 32. Be3 Bd8 33. Rd6 Bc7 34. Rxa6
Nxe5 35. Qb2 Kf6 36. Bd4 Rxd4 37. Qxd4 Qc8 38. Rc6 Qb8 39. Re1 Rd8 40. Qf4+ 1-0

[Event "Politiken Cup"]
[Site "Copenhagen"]
[Date "2006.07.24"]
[Round "3.101"]
[White "Bøje, Tobias R"]
[Black "Andersen, Daniel"]
[Result "1/2-1/2"]
[WhiteElo "1469"]
[BlackElo "1908"]
[PlyCount "76"]
[EventDate "2006.??.??"]

1. e4 e6 2. d4 d5 3. Nd2 Nf6 4. e5 Nfd7 5. Bd3 c5 6. c3 Nc6 7. Ne2 cxd4 8. cxd4
f6 9. exf6 Nxf6 10. Nf3 Bd6 11. O-O Qc7 12. Ng3 O-O 13. Re1 Bd7 14. Bb1 e5 15.
dxe5 Nxe5 16. Nxe5 Bxe5 17. Qb3 Kh8 18. Bd2 Bc6 19. Bd3 Rae8 20. Bc3 d4 21. Bb4
Bd6 22. Bxd6 Qxd6 23. Nf5 Qf4 24. Rxe8 Rxe8 25. Qf7 Qg5 26. Ng3 Qe5 27. Nf5 Ng4
28. f4 Bd5 29. fxe5 Bxf7 30. Nd6 Re7 31. Nxf7+ Rxf7 32. Rc1 g6 33. Rc8+ Kg7 34.
Bc4 Re7 35. e6 Ne5 36. Bb3 Nc6 37. Kf2 Kf6 38. Rf8+ Ke5 1/2-1/2

[Event "Politiken Cup"]
[Site "Copenhagen"]
[Date "2006.07.24"]
[Round "3.102"]
[White "Tofte, Sondre Waage"]
[Black "Ovesen, Karsten"]
[Result "1-0"]
[WhiteElo "1950"]
[BlackElo "1407"]
[PlyCount "63"]
[EventDate "2006.??.??"]

1. e4 c6 2. d4 d5 3. exd5 cxd5 4. Bd3 Nf6 5. c3 Bg4 6. Qb3 Qc8 7. Bg5 Nbd7 8.
Nd2 e6 9. Ngf3 Bd6 10. Ne5 O-O 11. f4 Bh5 12. O-O Bg6 13. Nxg6 hxg6 14. Rae1
Qc7 15. Re3 Nh5 16. Ref3 Kh7 17. Rh3 Kg8 18. f5 Bf4 19. fxe6 fxe6 20. Nf3 Bxg5
21. Nxg5 Rxf1+ 22. Bxf1 Nf4 23. Re3 Nf8 24. g3 Nh5 25. Nxe6 Nxe6 26. Qxd5 Kh7
27. Qxe6 Nf6 28. Qh3+ Kg8 29. b3 Rd8 30. Bc4+ Nd5 31. Bxd5+ Rxd5 32. Re8+ 1-0

[Event "Politiken Cup"]
[Site "Copenhagen"]
[Date "2006.07.24"]
[Round "3.103"]
[White "Robertson, David"]
[Black "Hinman, Chris"]
[Result "1-0"]
[WhiteElo "1927"]
[BlackElo "1343"]
[PlyCount "41"]
[EventDate "2006.??.??"]

1. e4 c5 2. Nc3 Nc6 3. g3 e6 4. Bg2 Be7 5. d3 Nf6 6. f4 d6 7. Nf3 Nd7 8. O-O a6
9. Be3 Qc7 10. a4 b6 11. Ne2 d5 12. f5 d4 13. fxe6 fxe6 14. Bg5 e5 15. Bxe7
Nxe7 16. c3 Nf6 17. cxd4 cxd4 18. Qd2 O-O 19. Qb4 Nd7 20. Qxe7 Rf7 21. Qe6 1-0

[Event "Politiken Cup"]
[Site "Copenhagen"]
[Date "2006.07.24"]
[Round "3.104"]
[White "Thingstad, Anders"]
[Black "Moller, Arne"]
[Result "0-1"]
[WhiteElo "1301"]
[BlackElo "1901"]
[PlyCount "96"]
[EventDate "2006.??.??"]

1. d4 Nf6 2. Nf3 e6 3. Bg5 Be7 4. e3 b6 5. Bd3 Bb7 6. Nbd2 d6 7. c4 Nbd7 8. O-O
h6 9. Bh4 O-O 10. Qe2 d5 11. Rac1 c5 12. cxd5 Nxd5 13. Bxe7 Qxe7 14. Nb3 Nb4
15. Bb1 Ba6 16. Qd2 Bxf1 17. Rxf1 cxd4 18. Nbxd4 g6 19. a3 Nd5 20. e4 N5f6 21.
Qxh6 Ng4 22. Qh3 Nde5 23. Nc6 Qf6 24. Ncxe5 Nxe5 25. Nxe5 Qxe5 26. b4 Kg7 27.
f4 Qd4+ 28. Kh1 Rac8 29. g3 Rh8 30. Qg4 Qd2 31. h4 Rc1 32. Qf3 Rc3 33. Qg4 Rc1
34. Qh3 Rhc8 35. Qg2 Rxf1+ 36. Qxf1 Rc1 37. Bd3 Rxf1+ 38. Bxf1 Qf2 39. Bg2 Qxg3
40. h5 gxh5 41. f5 h4 42. f6+ Kxf6 43. e5+ Kxe5 44. a4 h3 45. Bf1 Kf4 46. a5
Ke3 47. Bxh3 Kf2 48. Bxe6 Qg1# 0-1

[Event "Politiken Cup"]
[Site "Copenhagen"]
[Date "2006.07.24"]
[Round "3.105"]
[White "Stangeland, Maren"]
[Black "Reppen, Ellisiv"]
[Result "0-1"]
[WhiteElo "1146"]
[BlackElo "1890"]
[PlyCount "66"]
[EventDate "2006.??.??"]

1. e4 c5 2. b3 Nc6 3. f4 d6 4. Qf3 Nf6 5. Bb2 e5 6. f5 d5 7. d3 Nd4 8. Bxd4
dxe4 9. dxe4 cxd4 10. Bb5+ Bd7 11. Bxd7+ Qxd7 12. Ne2 Rc8 13. c3 dxc3 14. Nbxc3
Bb4 15. Rc1 Bxc3+ 16. Nxc3 Qd4 17. Ke2 O-O 18. Rhd1 Qb4 19. g4 Rfd8 20. g5 Rxd1
21. Rxd1 Ne8 22. Rc1 Nd6 23. Qe3 Qd4 24. f6 Nxe4 25. Nxe4 Qxe3+ 26. Kxe3 Rxc1
27. Nd6 gxf6 28. gxf6 Rc2 29. Nxb7 Rxa2 30. Nc5 Rxh2 31. Nd7 Rb2 32. Nxe5 Rxb3+
33. Kd4 h5 0-1

[Event "Politiken Cup"]
[Site "Copenhagen"]
[Date "2006.07.24"]
[Round "3.106"]
[White "Steinskog, Asbjørn Ottesen"]
[Black "Sande, Odmund"]
[Result "0-1"]
[WhiteElo "1018"]
[BlackElo "1825"]
[PlyCount "86"]
[EventDate "2006.??.??"]

1. e4 c5 2. Nf3 Nc6 3. d4 cxd4 4. Nxd4 Nf6 5. Nc3 d6 6. Bb5 Bd7 7. O-O g6 8.
Be3 Bg7 9. h3 O-O 10. Nxc6 Bxc6 11. Bxc6 bxc6 12. f4 Qa5 13. Qd2 Rfd8 14. Qf2
Nd7 15. f5 Ne5 16. fxg6 hxg6 17. Bd4 Rf8 18. Qh4 Nf3+ 19. Rxf3 Bxd4+ 20. Kh1
Qe5 21. Qg3 Rab8 22. Qxe5 Bxe5 23. b3 f5 24. Raf1 e6 25. exf5 Rxf5 26. Nd1 Rbf8
27. Rxf5 gxf5 28. Ne3 Kg7 29. Re1 Kf6 30. g4 Bg3 31. Rf1 f4 32. Kg2 e5 33. Nc4
c5 34. Nxd6 Kg5 35. Nf5 Rxf5 36. gxf5 e4 37. Rd1 Bh4 38. f6 Kxf6 39. Rf1 Ke5
40. c3 f3+ 41. Kg1 Kf4 42. b4 e3 43. a4 e2 0-1

[Event "Politiken Cup"]
[Site "Copenhagen"]
[Date "2006.07.24"]
[Round "3.107"]
[White "Christensen, Simon Ellegaard"]
[Black "De Boer, Albert"]
[Result "1/2-1/2"]
[WhiteElo "1480"]
[BlackElo "2180"]
[PlyCount "106"]
[EventDate "2006.??.??"]

1. d4 Nf6 2. Nf3 d6 3. Bf4 Nbd7 4. e3 g6 5. Bd3 Bg7 6. c3 c5 7. Nbd2 O-O 8. Qc2
a6 9. a4 Rb8 10. a5 Kh8 11. Nb3 Qc7 12. dxc5 Nxc5 13. Nxc5 Qxc5 14. O-O Bg4 15.
Qd1 Rfe8 16. Be2 Nh5 17. Bg3 Rbd8 18. Qb3 Nxg3 19. hxg3 Be6 20. Qxb7 Rb8 21.
Qxa6 Rxb2 22. Qd3 Rb3 23. Rfc1 Rc8 24. a6 Qa7 25. Nd4 Rb6 26. Nb5 Qd7 27. a7
Ra8 28. Bf3 d5 29. Rcb1 h5 30. Ra3 g5 31. c4 g4 32. Bxd5 Bxd5 33. Qxd5 Qxd5 34.
cxd5 Be5 35. Ra5 Kg7 36. Rc1 Rxb5 37. Rxb5 Rxa7 38. Kh2 h4 39. Rb4 hxg3+ 40.
fxg3 f5 41. Rf1 Kg6 42. e4 Ra3 43. exf5+ Kg5 44. Rb6 Rxg3 45. Kh1 Rd3 46. Rg6+
Kh5 47. Re6 Bf6 48. d6 Rxd6 49. Rxd6 exd6 50. Rd1 Be5 51. Rf1 Kg5 52. g3 Kf6
53. Kg2 Kg5 1/2-1/2

[Event "Politiken Cup"]
[Site "Copenhagen"]
[Date "2006.07.24"]
[Round "3.108"]
[White "Almasy, Alexander Christian"]
[Black "Sending, Stale"]
[Result "1/2-1/2"]
[WhiteElo "1426"]
[BlackElo "2035"]
[PlyCount "29"]
[EventDate "2006.??.??"]

1. d4 Nf6 2. Nf3 g6 3. e3 Bg7 4. Bd3 d6 5. b3 O-O 6. Bb2 Re8 7. c4 Nc6 8. d5
Nb4 9. O-O e5 10. e4 Nh5 11. Nc3 f5 12. Re1 f4 13. Bf1 Rf8 14. a3 Na6 15. b4
1/2-1/2

[Event "Politiken Cup"]
[Site "Copenhagen"]
[Date "2006.07.24"]
[Round "3.109"]
[White "Hausken, Morten"]
[Black "Dawson, Jeffery R"]
[Result "0-1"]
[WhiteElo "1400"]
[BlackElo "2009"]
[PlyCount "40"]
[EventDate "2006.??.??"]

1. e4 e5 2. Nf3 d6 3. d4 exd4 4. Nxd4 Nc6 5. Bb5 Bd7 6. O-O Be7 7. Nc3 Nxd4 8.
Qxd4 Bf6 9. Bxd7+ Qxd7 10. Qd5 O-O-O 11. Nb5 a6 12. Nd4 Ne7 13. Qc4 Bxd4 14.
Qxd4 Nc6 15. Qxg7 Rdg8 16. Qf6 Nd4 17. Qxd4 Rxg2+ 18. Kxg2 Qg4+ 19. Kh1 Qf3+
20. Kg1 Rg8+ 0-1

[Event "Politiken Cup"]
[Site "Copenhagen"]
[Date "2006.07.24"]
[Round "3.110"]
[White "Nielsen, Thomas"]
[Black "Christensen, Christoffer Ellegaa"]
[Result "1-0"]
[WhiteElo "1956"]
[BlackElo "1383"]
[PlyCount "107"]
[EventDate "2006.??.??"]

1. c4 Nc6 2. Nc3 Nf6 3. g3 e5 4. Bg2 d6 5. Nf3 Be7 6. O-O Bf5 7. d3 O-O 8. a3
a5 9. Qc2 Qd7 10. Re1 Rfe8 11. Rb1 Bd8 12. b4 axb4 13. axb4 Ne7 14. Bg5 Ng6 15.
Bxf6 Bxf6 16. Nd5 Be7 17. b5 Ra5 18. Ra1 Rea8 19. Rxa5 Rxa5 20. Qc3 Ra8 21. Nd2
Bd8 22. Ra1 Qc8 23. Nb3 Ne7 24. Nb4 Rxa1+ 25. Qxa1 c5 26. Nd5 Nxd5 27. Bxd5 b6
28. Qa2 Qb8 29. Nd2 h6 30. Nf1 Bc8 31. Ne3 Bb7 32. Bxb7 Qxb7 33. Nd5 Kh8 34.
Qa6 Qb8 35. Kg2 Kg8 36. Kf3 Kh7 37. Kg4 g6 38. e4 h5+ 39. Kf3 Kh6 40. Ke2 Kg7
41. f4 f6 42. Kf3 Kh6 43. Kg2 Kg7 44. Kh3 Kh6 45. g4 g5 46. fxg5+ fxg5 47. gxh5
Kxh5 48. Kg3 Kh6 49. Qa2 Qb7 50. Qf2 Qg7 51. Qf5 Qg8 52. Qd7 Qg6 53. Qxd8 Kh5
54. Qh8+ 1-0

[Event "Politiken Cup"]
[Site "Copenhagen"]
[Date "2006.07.24"]
[Round "3.111"]
[White "Jacobsen, Maria Pitz"]
[Black "Jensen, Frederik Jessin"]
[Result "1-0"]
[WhiteElo "1848"]
[BlackElo "1317"]
[PlyCount "89"]
[EventDate "2006.??.??"]

1. e4 e6 2. d4 d5 3. e5 c5 4. Nf3 Nc6 5. c3 Qb6 6. Bd3 Bd7 7. Nbd2 cxd4 8. cxd4
Nxd4 9. Nxd4 Qxd4 10. Nf3 Bb4+ 11. Ke2 Qb6 12. Be3 Bc5 13. Bxc5 Qxc5 14. Qb3
Qb6 15. Qxb6 axb6 16. Nd4 Ne7 17. Nb5 Bxb5 18. Bxb5+ Nc6 19. Rhc1 Rc8 20. f4
O-O 21. Ke3 Nb4 22. Kd2 Rc5 23. Be2 Rfc8 24. Rc3 d4 25. Rb3 Rc2+ 26. Ke1 Nd5
27. g3 R8c5 28. Rd1 Rc1 29. Rxc1 Rxc1+ 30. Kd2 Rc7 31. Kd3 Rd7 32. Bf3 Kf8 33.
Rb5 Ke7 34. Bxd5 exd5 35. Kxd4 Kd8 36. Rxd5 Rxd5+ 37. Kxd5 Kd7 38. f5 g6 39.
e6+ fxe6+ 40. fxe6+ Ke7 41. Ke5 b5 42. b4 g5 43. g4 h6 44. h3 b6 45. Kd5 1-0

[Event "Politiken Cup"]
[Site "Copenhagen"]
[Date "2006.07.24"]
[Round "3.112"]
[White "Christensen, Verner"]
[Black "Christensen, Casper"]
[Result "1-0"]
[WhiteElo "1846"]
[BlackElo "1252"]
[PlyCount "75"]
[EventDate "2006.??.??"]

1. e4 c5 2. d4 cxd4 3. c3 Nc6 4. Bc4 e6 5. Nf3 Nf6 6. e5 Ng8 7. O-O dxc3 8.
Nxc3 Bc5 9. Bg5 Qc7 10. Nb5 Qb8 11. Bf4 Nge7 12. a3 a6 13. Nd6+ Bxd6 14. exd6
Ng6 15. Bg3 b5 16. Ba2 O-O 17. h4 h6 18. h5 Nh8 19. Nh4 Bb7 20. Qd3 f5 21. Nxf5
Rxf5 22. Qxf5 Nd4 23. Qd3 Nc6 24. Rac1 Qe8 25. Qe2 Qf7 26. f4 Nd4 27. Qd1 Nf5
28. Bf2 g6 29. Qg4 Kh7 30. hxg6+ Nxg6 31. Rc7 Rb8 32. Bb1 Nh8 33. Bxf5+ exf5
34. Qd1 Qg7 35. g3 Bc6 36. Re1 Ng6 37. Qd4 Qf7 38. Rc1 1-0

[Event "Politiken Cup"]
[Site "Copenhagen"]
[Date "2006.07.24"]
[Round "3.113"]
[White "Wiggen, Frode"]
[Black "Bue, Gunnar"]
[Result "1/2-1/2"]
[WhiteElo "1390"]
[BlackElo "1843"]
[PlyCount "39"]
[EventDate "2006.??.??"]

1. d4 Nf6 2. c4 e6 3. Nc3 Be7 4. e4 d6 5. Nf3 O-O 6. Bd3 Nc6 7. d5 Ne5 8. Nxe5
dxe5 9. O-O exd5 10. exd5 a6 11. a4 g6 12. Re1 Nd7 13. Be3 f5 14. f3 f4 15. Bf2
Bd6 16. Ne4 b6 17. Re2 Nc5 18. Nxc5 bxc5 19. Qe1 a5 20. Be4 1/2-1/2

[Event "Politiken Cup"]
[Site "Copenhagen"]
[Date "2006.07.24"]
[Round "3.114"]
[White "Lie, Terje"]
[Black "Mossiaguine, Arina"]
[Result "1-0"]
[WhiteElo "1842"]
[BlackElo "1200"]
[PlyCount "87"]
[EventDate "2006.??.??"]

1. d4 Nc6 2. c4 e5 3. d5 Nce7 4. e4 Ng6 5. Nc3 Bc5 6. Nf3 Nf6 7. Bg5 h6 8. Bxf6
Qxf6 9. Qd2 a5 10. O-O-O d6 11. Na4 Nh4 12. Nxc5 dxc5 13. Nxh4 Qxh4 14. f3 O-O
15. Bd3 Bd7 16. Rdf1 a4 17. Kc2 Rfb8 18. g3 Qe7 19. f4 b5 20. fxe5 Qxe5 21. Qf4
Qxf4 22. gxf4 f6 23. cxb5 Bxb5 24. Bxb5 Rxb5 25. Rb1 Kf7 26. b3 a3 27. Rhf1 Ke7
28. Rbd1 Rd8 29. Rf3 Rb4 30. e5 c4 31. h4 c6 32. d6+ Kd7 33. Rg1 c5 34. Rxg7+
Ke6 35. Rg6 Rh8 36. Rxf6+ Kd5 37. bxc4+ Kxc4 38. Rb3 Rxb3 39. axb3+ Kb4 40. d7
c4 41. bxc4 Rg8 42. Rb6+ Ka4 43. Kc3 Rg3+ 44. Kd4 1-0

[Event "Politiken Cup"]
[Site "Copenhagen"]
[Date "2006.07.24"]
[Round "3.115"]
[White "Forsmann, Henning"]
[Black "Larsen, Alex"]
[Result "1-0"]
[WhiteElo "1828"]
[BlackElo "1171"]
[PlyCount "63"]
[EventDate "2006.??.??"]

1. d4 Nf6 2. c4 e6 3. Nf3 b6 4. Nc3 Bb7 5. e3 Be7 6. Bd3 O-O 7. O-O d6 8. b3
Nbd7 9. Bb2 c6 10. Rc1 Rc8 11. Qe2 d5 12. cxd5 exd5 13. Qc2 Re8 14. Rfe1 Nf8
15. a3 Bd6 16. e4 Bf4 17. Rcd1 Ng6 18. e5 Ng4 19. g3 Re6 20. Bf5 Bg5 21. Bxg4
Nh4 22. Nxg5 Qxg5 23. f3 Rh6 24. Bc1 Qd8 25. Bxh6 gxh6 26. gxh4 Rc7 27. Qg2 h5
28. Bxh5+ Kh8 29. Qg5 f6 30. Qxf6+ Rg7+ 31. Kf2 Qd7 32. Rg1 1-0

[Event "Politiken Cup"]
[Site "Copenhagen"]
[Date "2006.07.24"]
[Round "3.116"]
[White "Gjedsted, Søren Havn"]
[Black "Jorgensen, Orla Eilegaard"]
[Result "0-1"]
[WhiteElo "1360"]
[BlackElo "1771"]
[PlyCount "34"]
[EventDate "2006.??.??"]

1. e4 d6 2. d4 Nf6 3. Nc3 g6 4. Be3 Nbd7 5. f4 Bg7 6. h3 c6 7. Nf3 O-O 8. e5
dxe5 9. fxe5 Nd5 10. Nxd5 cxd5 11. Qd2 Nb6 12. Bh6 Nc4 13. Bxc4 dxc4 14. Bxg7
Kxg7 15. O-O-O Qd5 16. c3 Bf5 17. h4 Qe4 0-1

[Event "Politiken Cup"]
[Site "Copenhagen"]
[Date "2006.07.24"]
[Round "3.117"]
[White "Bjarnasson, Larus H"]
[Black "Rasmussen, Rene Rosendahl"]
[Result "1-0"]
[WhiteElo "1670"]
[BlackElo "1144"]
[PlyCount "41"]
[EventDate "2006.??.??"]

1. d4 Nf6 2. c4 e6 3. Nc3 Bb4 4. Qc2 O-O 5. Bg5 Bxc3+ 6. Qxc3 d5 7. e3 Nbd7 8.
c5 c6 9. Bd3 b6 10. b4 b5 11. Qc2 Qe8 12. Nf3 Ne4 13. Bxe4 dxe4 14. Qxe4 Nf6
15. Bxf6 gxf6 16. Qh4 Kg7 17. g4 h6 18. Rg1 Qd8 19. g5 fxg5 20. Nxg5 Kf6 21.
Nf3+ 1-0

[Event "Politiken Cup"]
[Site "Copenhagen"]
[Date "2006.07.24"]
[Round "3.118"]
[White "Kristensen, Steffen Michael"]
[Black "Hyldkrog, Mikkel"]
[Result "0-1"]
[WhiteElo "1319"]
[BlackElo "1660"]
[PlyCount "112"]
[EventDate "2006.??.??"]

1. c4 e6 2. d4 Nf6 3. Bg5 d5 4. g3 h6 5. Bxf6 Qxf6 6. e3 b6 7. cxd5 Bb7 8. Bb5+
c6 9. dxc6 Nxc6 10. Qf3 Qxf3 11. Nxf3 a6 12. Be2 Bd6 13. O-O O-O 14. Nbd2 Na5
15. a3 b5 16. Rac1 Rac8 17. b4 Nc4 18. Nxc4 bxc4 19. Rc3 a5 20. Rfc1 axb4 21.
axb4 Bxb4 22. Rxc4 Rxc4 23. Rxc4 Ba6 24. Rc2 Bxe2 25. Rxe2 Rc8 26. Kg2 Rc7 27.
Ra2 g6 28. Nd2 Kg7 29. Rb2 Be7 30. h4 h5 31. Nf3 f6 32. Ne1 Ba3 33. Rc2 Rd7 34.
Nd3 Kf7 35. Rc3 Be7 36. Rc6 Rd5 37. Nf4 Rd6 38. Rxd6 Bxd6 39. Nd3 Bc7 40. f4
Bb6 41. Kf3 Ba5 42. Nc5 Ke7 43. e4 Bc3 44. d5 exd5 45. exd5 Bb4 46. Nd3 Bc3 47.
Nc5 Bb4 48. Nb3 Kd6 49. g4 Kxd5 50. gxh5 gxh5 51. Kg3 Be1+ 52. Kh3 Ke4 53. Nc5+
Kd5 54. Nd3 Bd2 55. Kg3 Ke4 56. Nb2 Kd5 0-1

[Event "Politiken Cup"]
[Site "Copenhagen"]
[Date "2006.07.24"]
[Round "3.119"]
[White "Jensen, Jan Erik"]
[Black "Zyde, Fadmal"]
[Result "0-1"]
[WhiteElo "1304"]
[BlackElo "1652"]
[PlyCount "56"]
[EventDate "2006.??.??"]

1. e4 e5 2. Nf3 Nc6 3. Bc4 h6 4. d3 d6 5. Nc3 Nf6 6. h3 Be7 7. Nd5 Na5 8. Nxf6+
Bxf6 9. Nd2 Nxc4 10. Nxc4 Be6 11. Ne3 Qd7 12. Qf3 Bg5 13. b3 O-O 14. Nf5 Bxc1
15. Rxc1 d5 16. Ng3 dxe4 17. Nxe4 Bd5 18. O-O f5 19. Nc5 Qc6 20. Qe3 f4 21.
Qxe5 Rae8 22. Qd4 Bxg2 23. Rfe1 Bxh3 24. Qc4+ Kh8 25. Ne4 Qg6+ 26. Ng3 fxg3 27.
fxg3 Qxg3+ 28. Kh1 Qg2# 0-1

[Event "Politiken Cup"]
[Site "Copenhagen"]
[Date "2006.07.24"]
[Round "3.120"]
[White "Christensen, Sofus Rønne"]
[Black "Forså, Elise"]
[Result "1-0"]
[WhiteElo "1652"]
[BlackElo "1020"]
[PlyCount "109"]
[EventDate "2006.??.??"]

1. e4 Nf6 2. Nc3 d5 3. exd5 Nxd5 4. Nxd5 Qxd5 5. Nf3 Bg4 6. Be2 Nc6 7. c4 Qd7
8. O-O e6 9. b3 Bc5 10. Bb2 O-O-O 11. Bc3 Bb4 12. Qc2 Bxc3 13. dxc3 Bxf3 14.
Bxf3 Qd2 15. Rac1 Ne5 16. Be2 Rd7 17. Qe4 Nc6 18. Rc2 Qd6 19. b4 Qe5 20. Qxe5
Nxe5 21. f4 Nc6 22. f5 e5 23. f6 g6 24. Bg4 Rhd8 25. Rd2 h5 26. Bh3 g5 27.
Bxd7+ Rxd7 28. Rxd7 Kxd7 29. Rf5 Ke6 30. Rxg5 Kxf6 31. Rxh5 Kg6 32. g4 f6 33.
Kf2 Ne7 34. Ke3 f5 35. h3 a6 36. a4 c6 37. a5 fxg4 38. hxg4 Ng8 39. Rxe5 Nf6
40. Re6 Kg5 41. Rxf6 Kxf6 42. Kd4 Kg5 43. Kc5 Kxg4 44. Kb6 Kf5 45. Kxb7 Ke6 46.
Kxc6 Ke7 47. Kb6 Kd7 48. Kxa6 Kc7 49. b5 Kb8 50. Kb6 Ka8 51. Kc7 Ka7 52. b6+
Ka6 53. b7 Kxa5 54. b8=Q Ka4 55. Qb4# 1-0

[Event "Politiken Cup"]
[Site "Copenhagen"]
[Date "2006.07.24"]
[Round "3.121"]
[White "Palvig, David Kinch"]
[Black "Eiholt, Bjarne"]
[Result "1-0"]
[WhiteElo "1238"]
[BlackElo "1650"]
[PlyCount "43"]
[EventDate "2006.??.??"]

1. f4 e5 2. fxe5 d6 3. exd6 Bxd6 4. Nf3 Nf6 5. Nc3 Ng4 6. Ne4 Nxh2 7. g3 Nxf3+
8. exf3 Bf5 9. Qe2 O-O 10. Nxd6 Qxd6 11. f4 Nc6 12. Qc4 Rfe8+ 13. Kf2 Re4 14.
Qc3 Nb4 15. d3 Qb6+ 16. Kf3 Nd5 17. Qb3 Qc5 18. dxe4 Be6 19. f5 Nf4 20. fxe6
Nxe6 21. Be3 Qd6 22. Bc4 1-0

[Event "Politiken Cup"]
[Site "Copenhagen"]
[Date "2006.07.24"]
[Round "3.122"]
[White "Zyde, Furat"]
[Black "Rasmussen, Bent"]
[Result "0-1"]
[WhiteElo "1200"]
[BlackElo "1646"]
[PlyCount "40"]
[EventDate "2006.??.??"]

1. e4 e5 2. Nf3 Nc6 3. Bc4 Nf6 4. Nc3 Nxe4 5. Nxe4 d5 6. Bxd5 Qxd5 7. Nc3 Qa5
8. d4 Bg4 9. Be3 O-O-O 10. Qd3 Bb4 11. O-O Bxf3 12. Qf5+ Kb8 13. Qxf3 exd4 14.
a3 Bxc3 15. bxc3 dxe3 16. Qxe3 Rhe8 17. Qf3 f6 18. Rfb1 Qd5 19. Qg4 Qe4 20.
Qxg7 Rg8 0-1

[Event "Politiken Cup"]
[Site "Copenhagen"]
[Date "2006.07.24"]
[Round "3.123"]
[White "Nielsen, Bjørn"]
[Black "Goetzee, Rick"]
[Result "0-1"]
[WhiteElo "1090"]
[BlackElo "1641"]
[PlyCount "108"]
[EventDate "2006.??.??"]

1. e4 c5 2. Bc4 Nc6 3. Nf3 d6 4. Nc3 Nf6 5. O-O e6 6. d3 g6 7. Bg5 Bg7 8. Ne2
O-O 9. Ng3 Qc7 10. c3 Rb8 11. a3 b5 12. Ba2 a5 13. a4 Bd7 14. b3 bxa4 15. bxa4
Rb2 16. Bb3 Rb8 17. Nd2 Rb7 18. Ra3 Qb8 19. Qc1 R2xb3 20. Nxb3 Rxb3 21. Rxb3
Qxb3 22. Qa1 Ne8 23. Rb1 Qxc3 24. Qxc3 Bxc3 25. f3 Nb4 26. Ne2 Bg7 27. Bd8 Bxa4
28. Bxa5 Nxd3 29. Nc3 Bxc3 30. Bxc3 d5 31. exd5 exd5 32. Kf1 Kf8 33. g3 Nd6 34.
f4 Ne4 35. Rb8+ Ke7 36. Ba5 c4 37. Ke2 Ndc5 38. Bd8+ Kd7 39. Bb6 c3 40. Bxc5
Nxc5 41. Rb1 c2 42. Rc1 Nb3 43. Rxc2 Nd4+ 44. Kd3 Nxc2 45. h3 Kd6 46. g4 Kc5
47. f5 g5 48. f6 d4 49. Kd2 Kc4 50. Kc1 Kc3 51. Kb1 d3 52. Ka2 d2 53. h4 d1=Q
54. h5 Qa1# 0-1

[Event "Politiken Cup"]
[Site "Copenhagen"]
[Date "2006.07.24"]
[Round "3.124"]
[White "Mølvig, Julius"]
[Black "Harestad.Ove Henning"]
[Result "1/2-1/2"]
[WhiteElo "1000"]
[BlackElo "1590"]
[PlyCount "35"]
[EventDate "2006.??.??"]

1. d4 Nf6 2. c4 g6 3. Nf3 Bg7 4. Nc3 d5 5. e3 O-O 6. Be2 Re8 7. Bd2 dxc4 8.
Bxc4 Nbd7 9. Qb3 e6 10. Na4 c6 11. Nc5 Nxc5 12. dxc5 Ne4 13. Bb4 a5 14. Rd1 Qc7
15. Qa3 Bd7 16. Bxa5 Qxa5+ 17. Qxa5 Rxa5 18. Rxd7 1/2-1/2

[Event "Politiken Cup"]
[Site "Copenhagen"]
[Date "2006.07.24"]
[Round "3.125"]
[White "Harders, Poul Erik"]
[Black "Holmen, Halfdan"]
[Result "1-0"]
[WhiteElo "1585"]
[BlackElo "1000"]
[PlyCount "59"]
[EventDate "2006.??.??"]

1. d4 d5 2. c4 dxc4 3. Nc3 Nf6 4. e4 e6 5. Bxc4 Bb4 6. f3 Bxc3+ 7. bxc3 Nc6 8.
Ne2 e5 9. O-O O-O 10. Bg5 h6 11. Bh4 Qd6 12. Qd2 Rd8 13. Rfd1 Be6 14. Bxe6 Qxe6
15. d5 Qe7 16. Qc2 Na5 17. Bf2 c6 18. c4 Qb4 19. Rac1 Rac8 20. Qd3 cxd5 21.
cxd5 Rxc1 22. Rxc1 a6 23. a3 Qd6 24. Bc5 Qd7 25. Bb6 Rc8 26. Bxa5 Rxc1+ 27.
Nxc1 Qa4 28. Bc7 Ne8 29. Bxe5 Qa5 30. Qc3 1-0

[Event "Politiken Cup"]
[Site "Copenhagen"]
[Date "2006.07.24"]
[Round "3.126"]
[White "Tofte, Anders"]
[Black "Ontiveros, John"]
[Result "0-1"]
[WhiteElo "1000"]
[BlackElo "1560"]
[PlyCount "54"]
[EventDate "2006.??.??"]

1. e4 c6 2. Nc3 d5 3. d4 dxe4 4. Nxe4 Bf5 5. Bd3 Qxd4 6. Nf3 Qb6 7. O-O Bxe4 8.
Bxe4 Nf6 9. Bf5 e6 10. Bh3 Bc5 11. Qe2 O-O 12. Bg5 Nbd7 13. c3 h6 14. Be3 Nd5
15. Bxc5 Nxc5 16. Ne5 Nf4 17. Qc2 Rfd8 18. Rad1 Qc7 19. Rfe1 Rxd1 20. Qxd1 Rd8
21. Qc2 Ncd3 22. Nxd3 Rxd3 23. Bg4 Qd8 24. Qb3 Qg5 25. h3 h5 26. Re3 hxg4 27.
g3 Nxh3+ 0-1

[Event "Politiken Cup"]
[Site "Copenhagen"]
[Date "2006.07.24"]
[Round "3.127"]
[White "Hansen, Johny"]
[Black "Thingstad, Tormod"]
[Result "1-0"]
[WhiteElo "1494"]
[BlackElo "1000"]
[PlyCount "65"]
[EventDate "2006.??.??"]

1. e4 e5 2. Nf3 Nc6 3. Bc4 Bc5 4. O-O Nf6 5. d3 d6 6. h3 h6 7. c3 Bd7 8. a4 a6
9. b4 Ba7 10. Qb3 Qe7 11. Nh4 Be6 12. Bxe6 Qxe6 13. Nd2 Qxb3 14. Nxb3 b6 15.
Be3 Ne7 16. c4 g5 17. Nf5 Nxf5 18. exf5 O-O-O 19. a5 d5 20. axb6 Bxb6 21. Bxb6
cxb6 22. Rxa6 Kb7 23. Rfa1 Ra8 24. b5 Rxa6 25. Rxa6 dxc4 26. dxc4 Rc8 27. c5
Nd5 28. c6+ Kb8 29. Nd2 Nc7 30. Rxb6+ Ka8 31. Rb7 f6 32. Nc4 Nxb5 33. Nb6# 1-0